00405nam a2200157Ia 450000500170000000800410001704100080005808200150006610000120008124500620009326000150015530000090017050000280017965000280020770000120023520230306144531.0230125s9999 xx 000 0 und d aeng a158.1bDAT aDatye V aHi,There : Stories and thoughts from my corporate journey c2021aPune a144p aPersonality Development aPersonality Development aDatye V